| 000 | 00550nam a2200217Ia 4500 | ||
|---|---|---|---|
| 005 | 20250425162803.0 | ||
| 008 | 250425s9999 xx 000 0 und d | ||
| 041 | _aeng | ||
| 082 | _a543.003 | ||
| 100 | _aDEE SNELL, FOSTER | ||
| 245 | 0 | _aENCYCLOPEDIA OF INDUSTRIAL CHEMICAL ANALYSIS (VOLUME 16) | |
| 250 | _aS.E. | ||
| 260 |
_aEstados Unidos _bINTERSCIENCE _c1972 |
||
| 260 | _aNEW YORK | ||
| 300 | _a583 | ||
| 650 | _aANALISIS QUIMICO | ||
| 650 | _aQUIMICA INDUSTRIAL | ||
| 700 | _aETTRE, LESLIE S. | ||
| 942 | _c01 | ||
| 010 | _a108638 | ||
| 999 |
_c236413 _d236413 |
||